| 000 | 00427nam a2200157Ia 4500 | ||
|---|---|---|---|
| 005 | 20250424120328.0 | ||
| 008 | 250424s9999 xx 000 0 und d | ||
| 022 | _a00221082 | ||
| 050 | _aHG 1 .J6/ | ||
| 245 | 4 | _aThe journal of finance | |
| 260 | _bAmerican Finance Association | ||
| 260 | _c2008 | ||
| 300 | _av. , 3107 p. ; 24 cm. | ||
| 650 | _aFinance--Periodicals. Finance--United States--Periodicals. | ||
| 942 | _cSR | ||
| 999 |
_c38689 _d38689 |
||